Normal view MARC view
  • Personas no conformes con el género

Entry Materia

Number of records used in: 1

001 - NÚMERO DE CONTROL DEL REGISTRO

  • campo de control: 48212

003 - IDENTIFICADOR DE NUMERO DE CONTROL

  • campo de control: UPN

005 - FECHA Y HORA DE LA ÚLTIMA TRANSACCIÓN

  • campo de control: 20230309152247.0

008 - DATOS DE LONGITUD FIJA

  • campo de control de longitud fija: 230309nn fnznnbabb | a|a d

040 ## - FUENTE DE LA CATALOGACIÓN

  • Centro catalogador de origen: MX-MxUPN
  • Lengua de catalogación: spa

046 ## - FECHAS CON CODIFICACIÓN ESPECIAL

  • Fecha final para contenidos agregados: 2023

150 ## - ENCABEZAMIENTO - TEMÁTICO

  • Término de materia o nombre geográfico como elemento inicial: Personas no conformes con el género
  • Subdivisión geográfica: Estados Unidos
  • Subdivisión de forma: Biografía

450 ## - VÉASE - MATERIA

  • Encabezamiento temático: Personas de género creativo
  • Subdivisión geográfica: Estados Unidos
  • Subdivisión de forma: Biografía

450 ## - VÉASE - MATERIA

  • Encabezamiento temático: Personas de género no normativo
  • Término temático a continuación de un nombre geográfico: Estados Unidos
  • Subdivisión de forma: Biografía

450 ## - VÉASE - MATERIA

  • Encabezamiento temático: Personas con diversidad de género
  • Subdivisión geográfica: Estados Unidos
  • Subdivisión de forma: Biografía

450 ## - VÉASE - MATERIA

  • Encabezamiento temático: Personas de género no binario
  • Subdivisión geográfica: Estados Unidos
  • Subdivisión de forma: Biografía

670 ## - FUENTE EN LA QUE SE LOCALIZARON DATOS

  • Cita de la fuente: Autoridades LIBRUNAM, 09 marzo 2023:
  • Información localizada: (Personas no conformes con el género)

670 ## - FUENTE EN LA QUE SE LOCALIZARON DATOS

  • Cita de la fuente: Autoridades BGTQ, 09 marzo 2023:
  • Información localizada: (Estados unidos)

670 ## - FUENTE EN LA QUE SE LOCALIZARON DATOS

  • Cita de la fuente: Autoridades BGTQ, 09 marzo 2023:
  • Información localizada: (Subdivisión de forma: Biografía)

902 ## - CATALOGADOR

  • Catalogador: VíctorGodínez/090323